[Event "CZE-ch Youth B16 2022"]
[Site "Luhacovice"]
[Date "2022.03.18"]
[Round "8.12"]
[White "Zrubek, Adam"]
[Black "Trojan, Matyas"]
[Result "1-0"]
[WhiteElo "1661"]
[BlackElo "1582"]
[Annotator "NA"]
[PlyCount "71"]
[EventDate "2022.03.12"]
[EventType "swiss"]
[EventCountry "CZE"]
[SourceTitle "playchess.com"]
[Source "ChessBase"]
[SourceQuality "1"]
[TimeControl "40/5400+30:1800+30"]

1. e4 e5 2. Nf3 Nc6 3. Bb5 a6 4. Ba4 Nf6 5. O-O Be7 6. Re1 b5 7. Bb3 O-O 8. a4 Bb7 9. d3 d6 10. Nbd2 h6 11. Nf1 Na5 12. Ba2 c5 13. Ne3 g6 14. h3 bxa4 15. Nh2 Bc8 16. Nhg4 Nxg4 17. Nxg4 Bxg4 18. Qxg4 Kh7 19. Bd5 Rb8 20. Rxa4 Rb4 21. Ra2 f5 22. Qd1 fxe4 23. Bd2 Bh4 24. Rf1 Rd4 25. Bxa5 Qf6 26. Bxe4 d5 27. c3 Bxf2+ 28. Kh1 dxe4 29. cxd4 Qe6 30. b3 e3 31. Be1 exd4 32. Bxf2 exf2 33. Raxf2 Rb8 34. Qg4 Qg8 35. Rf7+ Kh8 36. Qf4 1-0

[Event "CZE-ch Youth B16 2022"]
[Site "Luhacovice"]
[Date "2022.03.19"]
[Round "9.1"]
[White "Dolensky, Filip"]
[Black "Janous, Marek"]
[Result "0-1"]
[WhiteElo "2021"]
[BlackElo "2056"]
[Annotator "ChessBase"]
[PlyCount "84"]
[EventDate "2022.03.12"]
[EventType "swiss"]
[EventCountry "CZE"]
[SourceTitle "playchess.com"]
[Source "ChessBase"]
[SourceQuality "1"]
[TimeControl "40/5400+30:1800+30"]

1. e4 c5 2. c3 Nf6 3. e5 Nd5 4. Nf3 e6 5. d4 cxd4 6. cxd4 b6 7. Bd2 Be7 8. Nc3 Nxc3 9. Bxc3 O-O 10. Bd3 Ba6 11. O-O Bxd3 12. Qxd3 d6 13. Rfd1 dxe5 14. d5 Qxd5 15. Qe2 Qb7 16. Nxe5 Bf6 17. Rd3 Nc6 18. Nd7 Bxc3 19. bxc3 Rfd8 20. Rad1 Qc7 21. Qd2 f6 22. Rd6 Re8 23. Qe2 Nd8 24. Qg4 Qxc3 25. R6d3 Qb2 26. Qe4 Nf7 27. R3d2 Qb5 28. h4 Rac8 29. a4 Qc6 30. Qg4 Kh8 31. Qh5 Re7 32. Qg4 Nh6 33. Qf4 e5 34. Qb4 Ree8 35. Qb3 Qc4 36. Qf3 Qxh4 37. g3 Qg4 38. Qd5 Qh3 39. f3 Nf5 40. g4 Ne3 41. Qf7 Qg3+ 42. Kh1 Nxd1 0-1

[Event "CZE-ch Youth B16 2022"]
[Site "Luhacovice"]
[Date "2022.03.19"]
[Round "9.2"]
[White "Hak, David"]
[Black "Soucek, Petr"]
[Result "1/2-1/2"]
[WhiteElo "2132"]
[BlackElo "2194"]
[Annotator "TA"]
[PlyCount "145"]
[EventDate "2022.03.12"]
[EventType "swiss"]
[EventCountry "CZE"]
[SourceTitle "playchess.com"]
[Source "ChessBase"]
[SourceQuality "1"]

{[%evp 19,145,20,54,26,41,29,41,15,14,0,0,-36,-48,-83,8,-96,-42,-60,-35,-83,-78,-70,-67,-188,-110,-100,-52,-106,-109,-139,-133,-136,-131,-298,-291,-285,-285,-263,-201,-238,-139,-150,-156,-161,-137,-125,-153,-137,-39,-39,-45,-16,0,-13,0,-241,-245,-221,0,0,0,0,0,0,0,0,0,0,0,0,0,0,0,0,79,73,67,22,42,0,0,0,0,0,0,0,0,0,0,0,0,0,8,8,576,246,157,108,375,0,0,0,0,0,0,0,0,0,0,0,0,0,0,0,0,0,0,0,0,0,0,0,0,0,0,0,0,0]} 1. d4 Nf6 2. c4 c5 3. d5 e6 4. Nc3 exd5 5. cxd5 d6 6. Nf3 g6 7. Bf4 Bg7 8. Qa4+ Bd7 9. Qb3 b5 $1 {[%mdl 4] is recently more successful than 9...Qc7.} 10. Bxd6 Qb6 11. Be5 {A61: Modern Benoni: Nf3 without early e4.} O-O 12. e3 {[%cal Rc3b5]} b4 {[#]} 13. Nd1 $146 {White is slightly better.} (13. Nb1 $5 {[%cal Rb1d2]}) ({Predecessor:} 13. Nb1 Bf5 14. Nbd2 Nbd7 15. Bg3 a5 16. Nc4 a4 17. Qd1 Qb7 18. Nd6 Qxd5 19. Bc4 Qxd1+ 20. Rxd1 {0-1 (51) Cori,J (2659)-Flores,D (2614) Montevideo 2018}) 13... a5 14. a4 {[%cal Od1c3]} Bf5 $1 15. Bc4 (15. Nc3 $5) 15... Nbd7 {[%mdl 1024] Black has compensation.} 16. Bf4 Ne4 (16... Qd8 $17 {Threatens to win with ...Nb6.} 17. Ne5 Nb6) 17. O-O (17. Nh4 $1 $11) 17... Rad8 ({Better is} 17... Qd8 $17 18. Rc1 Nb6) 18. Rc1 h6 19. Bd3 (19. Re1 $15 {feels stronger.}) 19... g5 $17 20. Bg3 Ndf6 {aiming for ...g4.} 21. Bxe4 (21. d6 $15) 21... Bxe4 (21... Nxe4 $19 22. Qc4 Qb7) 22. d6 Bd5 {This bishop pair is nice.} (22... Rxd6 $17 23. Bxd6 Qxd6) 23. Qc2 (23. Qd3 $15) 23... Ne4 24. Nd2 Nxg3 (24... Nxd6 25. b3 $15) 25. hxg3 Rxd6 26. Qxc5 $2 (26. e4 $17 Be6 27. Nc4 Bxc4 28. Qxc4) 26... Qxc5 $19 27. Rxc5 Rfd8 28. Rc1 f5 {To avoid e4} 29. b3 Bxg2 30. Kxg2 $17 {Nc4 is the strong threat.} Rxd2 31. e4 fxe4 {Strongly threatening ...R8d3.} 32. Ne3 Bc3 $36 {[%mdl 2048] Black is in control.} 33. Nf5 Kh7 (33... h5 $17 34. Ne3 R8d3) 34. Rh1 $15 Kg6 35. g4 R8d3 36. Rxh6+ Kf7 37. Ng3 $2 (37. Kg1 $11 {and White has nothing to worry.}) 37... e3 $1 $19 38. Ne4 Rb2 ({Black should try} 38... e2 $19 {And now ...Rd1 would win.} 39. Nxg5+ (39. Nxd2 $2 Rxd2 40. Rhh1 Rb2 $19) 39... Kg7) 39. Rh3 ({But not} 39. Nxg5+ $2 Kg7 40. Ne6+ (40. Rh7+ $2 Kg6 $19) 40... Kf7 41. Ng5+ Kg7 42. Ne6+ (42. Rh7+ $2 Kg6 $19) 42... Kxh6 $19) 39... Kg6 40. Rf3 Re2 41. Rf5 {Hoping for Kf3.} exf2 42. Rxg5+ Kf7 43. Rf5+ Ke7 44. Nxf2 Rdd2 45. Rf1 Rb2 46. Kf3 {Black must now prevent Nd3.} Bd4 (46... Re5 $1 $11 {remains equal.}) 47. Nd1 $16 Rbd2 48. Rxa5 (48. Rd5 $14 Bb6 49. Rh1 $1) 48... Re6 49. Nf2 (49. g5 $14 {deserves consideration.}) 49... Bxf2 $11 50. Rxf2 {[%mdl 4096] Endgame KRR-KRR} Rf6+ $1 51. Rf5 Rxf5+ $1 52. gxf5 {KR-KR} Rd3+ 53. Ke4 Rxb3 54. Rc2 Ra3 55. Rc7+ Ke8 56. Ra7 Ra1 $2 {[%mdl 8192]} (56... b3 $11) 57. Kd3 (57. Ke5 $142 b3 58. Rb7) 57... Rf1 $18 {[#]} 58. Ra5 Rf3+ $2 {[%mdl 8192]} (58... Rf4 $16 59. Ke3 Rf1) 59. Kc2 $2 ({White should play} 59. Ke4 $18 Ra3 60. Kd4) 59... Kd7 $11 {The position is equal.} 60. Rb5 Kc6 61. Kb2 Kc7 62. a5 Kd7 63. Rb7+ Kc6 64. Rb6+ Kc7 65. Rf6 Kb7 66. Kc2 Ka7 67. Kb2 Kb7 68. Rb6+ Ka7 69. Rf6 Kb7 70. a6+ Ka7 71. Kc2 Rc3+ 72. Kd2 Rc5 73. Rd6 {Quite a comeback for White.  Weighted Error Value: White=0.43/Black=0.44} 1/2-1/2

[Event "CZE-ch Youth B16 2022"]
[Site "Luhacovice"]
[Date "2022.03.19"]
[Round "9.4"]
[White "Le, Anh Dung"]
[Black "Jirasko, Miroslav"]
[Result "0-1"]
[WhiteElo "1998"]
[BlackElo "1933"]
[Annotator "ChessBase"]
[PlyCount "90"]
[EventDate "2022.03.12"]
[EventType "swiss"]
[EventCountry "CZE"]
[SourceTitle "playchess.com"]
[Source "ChessBase"]
[SourceQuality "1"]
[TimeControl "40/5400+30:1800+30"]

1. f4 {[%emt 0:00:09]} d5 {[%emt 0:00:54]} 2. Nf3 {[%emt 0:00:06]} c5 {[%emt 0:02:54]} 3. e3 {[%emt 0:04:45]} g6 4. Bb5+ {[%emt 0:00:25]} Bd7 {[%emt 0:08:26]} 5. Qe2 {[%emt 0:01:24]} a6 {[%emt 0:00:27]} 6. Bxd7+ {[%emt 0:00:09]} Nxd7 {[%emt 0:00:06]} 7. O-O {[%emt 0:05:40]} Bg7 8. d3 {[%emt 0:01:41]} e6 {[%emt 0:06:28]} 9. Nbd2 {[%emt 0:04:08]} Ne7 {[%emt 0:02:18]} 10. Rb1 {[%emt 0:05:19]} Nf5 {[%emt 0:06:53]} 11. e4 {[%emt 0:03:42]} Nd4 {[%emt 0:00:38]} 12. Nxd4 {[%emt 0:00:13]} Bxd4+ {[%emt 0:00:08]} 13. Kh1 {[%emt 0:00:04]} dxe4 {[%emt 0:02:23]} 14. dxe4 {[%emt 0:01:31]} Bg7 {[%emt 0:00:15]} 15. e5 {[%emt 0:04:17]} O-O {[%emt 0:02:40]} 16. Ne4 {[%emt 0:01:08]} f6 {[%emt 0:04:04]} 17. exf6 {[%emt 0:00:46]} Nxf6 {[%emt 0:00:07]} 18. Nxc5 {[%emt 0:03:32]} Re8 {[%emt 0:02:04]} 19. c4 {[%emt 0:07:29]} Qc7 {[%emt 0:02:45]} 20. Ne4 {[%emt 0:01:38]} Nxe4 {[%emt 0:01:52]} 21. Qxe4 {[%emt 0:00:35]} b5 {[%emt 0:05:29]} 22. cxb5 {[%emt 0:05:04]} axb5 {[%emt 0:01:08]} 23. a3 {[%emt 0:01:49]} Rac8 {[%emt 0:02:53]} 24. Be3 {[%emt 0:04:21]} Qc2 {[%emt 0:01:16]} 25. Qxc2 {[%emt 0:17:23]} Rxc2 {[%emt 0:00:08]} 26. Rf2 {[%emt 0:02:46]} Rxf2 {[%emt 0:04:32]} 27. Bxf2 {[%emt 0:00:20]} Rd8 {[%emt 0:00:08]} 28. b3 {[%emt 0:02:16]} Rd2 {[%emt 0:01:07]} 29. Bc5 {[%emt 0:01:58]} Bc3 {[%emt 0:02:14]} 30. h3 {[%emt 0:02:09]} Kf7 {[%emt 0:01:25]} 31. a4 {[%emt 0:02:18]} b4 {[%emt 0:04:17]} 32. Kh2 {[%emt 0:06:02]} Kf6 {[%emt 0:02:57]} 33. Be3 {[%emt 0:01:16]} Re2 {[%emt 0:01:49]} 34. Bc5 {[%emt 0:00:10]} Kf5 {[%emt 0:01:26]} 35. Bd6 {[%emt 0:01:42]} Ke4 {[%emt 0:00:58]} 36. Be5 {[%emt 0:07:46]} Kd3 {[%emt 0:00:31]} 37. a5 {[%emt 0:02:19]} Kc2 {[%emt 0:13:37]} 38. Bxc3 {[%emt 0:00:37]} bxc3 {[%emt 0:01:49]} 39. Ra1 {[%emt 0:00:13]} Kb2 {[%emt 0:00:39]} 40. Ra4 {[%emt 0:00:24]} Rd2 {[%emt 0:01:00]} 41. a6 {[%emt 0:30:31]} Rd8 {[%emt 0:32:19]} 42. a7 {[%emt 0:00:00]} c2 {[%emt 0:00:00]} 43. a8=Q {[%emt 0:00:00]} Rxa8 {[%emt 0:00:00]} 44. Rxa8 {[%emt 0:00:00]} c1=Q {[%emt 0:00:00]} 45. Ra4 {[%emt 0:00:00]} Qe3 {[%emt 0:00:00]} 0-1

[Event "CZE-ch Youth B16 2022"]
[Site "Luhacovice"]
[Date "2022.03.19"]
[Round "9.5"]
[White "Winter, Ondrej"]
[Black "Vilimek, Vit"]
[Result "1-0"]
[WhiteElo "2147"]
[BlackElo "1794"]
[Annotator "ChessBase"]
[PlyCount "57"]
[EventDate "2022.03.12"]
[EventType "swiss"]
[EventCountry "CZE"]
[SourceTitle "playchess.com"]
[Source "ChessBase"]
[SourceQuality "1"]
[TimeControl "40/5400+30:1800+30"]

1. e4 {[%emt 0:00:02]} e6 {[%emt 0:00:01]} 2. d4 {[%emt 0:00:06]} d5 {[%emt 0:00:02]} 3. Nd2 {[%emt 0:00:04]} Nf6 {[%emt 0:00:06]} 4. e5 {[%emt 0:00:04]} Nfd7 {[%emt 0:00:07]} 5. Bd3 {[%emt 0:00:03]} c5 {[%emt 0:00:09]} 6. c3 {[%emt 0:00:03]} Nc6 {[%emt 0:00:05]} 7. Ne2 {[%emt 0:00:03]} cxd4 {[%emt 0:00:09]} 8. cxd4 {[%emt 0:00:01]} f6 {[%emt 0:00:13]} 9. exf6 {[%emt 0:00:05]} Qxf6 {[%emt 0:01:13]} 10. Nf3 {[%emt 0:01:07]} h6 {[%emt 0:00:04]} 11. O-O {[%emt 0:01:09]} Bd6 {[%emt 0:00:09]} 12. Bc2 {[%emt 0:15:46]} a6 {[%emt 0:05:03]} 13. Ng3 {[%emt 0:00:44]} g5 {[%emt 0:21:16]} 14. Re1 {[%emt 0:08:46]} Nb6 {[%emt 0:09:15]} 15. Nf5 {[%emt 0:13:51]} Bc7 {[%emt 0:04:26]} 16. Ne5 {[%emt 0:06:10]} Nxe5 {[%emt 0:21:24]} 17. dxe5 {[%emt 0:00:01]} Qf7 {[%emt 0:07:48]} 18. Nd6+ {[%emt 0:01:18]} Bxd6 {[%emt 0:00:05]} 19. exd6 {[%emt 0:00:01]} O-O {[%emt 0:05:56]} 20. f3 {[%emt 0:02:44]} Nc4 {[%emt 0:02:44]} 21. b3 {[%emt 0:02:11]} Nxd6 {[%emt 0:00:36]} 22. Bb2 {[%emt 0:03:14]} b5 {[%emt 0:06:32]} 23. Kh1 {[%emt 0:02:10]} Nf5 {[%emt 0:01:39]} 24. Bxf5 {[%emt 0:01:44]} Qxf5 {[%emt 0:00:59]} 25. Qd4 {[%emt 0:02:16]} Qh7 {[%emt 0:02:58]} 26. Rac1 {[%emt 0:22:39]} Rf4 {[%emt 0:07:52]} 27. Qb6 {[%emt 0:05:15]} Qa7 {[%emt 0:02:23]} 28. Qxa7 {[%emt 0:01:08]} Rxa7 {[%emt 0:00:01]} 29. Rxc8+ {[%emt 0:00:02]} 1-0

[Event "CZE-ch Youth B16 2022"]
[Site "Luhacovice"]
[Date "2022.03.19"]
[Round "9.6"]
[White "Stejskal, Michal"]
[Black "Zezula, Jakub"]
[Result "0-1"]
[WhiteElo "1857"]
[BlackElo "1891"]
[Annotator "NA"]
[PlyCount "48"]
[EventDate "2022.03.12"]
[EventType "swiss"]
[EventCountry "CZE"]
[SourceTitle "playchess.com"]
[Source "ChessBase"]
[SourceQuality "1"]
[TimeControl "40/5400+30:1800+30"]

1. e4 {[%emt 0:00:06]} e5 {[%emt 0:00:09]} 2. Nf3 {[%emt 0:00:08]} Nc6 {[%emt 0:00:03]} 3. c3 {[%emt 0:00:09]} d5 {[%emt 0:01:05]} 4. Qa4 {[%emt 0:00:08]} Bd7 {[%emt 0:00:06]} 5. exd5 {[%emt 0:02:32]} Nd4 {[%emt 0:00:09]} 6. Qd1 {[%emt 0:00:06]} Nxf3+ {[%emt 0:00:05]} 7. Qxf3 {[%emt 0:00:06]} Bd6 {[%emt 0:00:05]} 8. Bc4 {[%emt 0:03:24]} Ne7 {[%emt 0:03:39]} 9. d3 {[%emt 0:02:25]} O-O {[%emt 0:05:50]} 10. O-O {[%emt 0:07:07]} Ng6 {[%emt 0:01:56]} 11. Nd2 {[%emt 0:01:21]} f5 {[%emt 0:00:14]} 12. g3 {[%emt 0:06:31]} ({White should try} 12. a4 $14) 12... f4 {[%emt 0:06:52]} 13. Qe2 {[%emt 0:02:23]} Bh3 {[%emt 0:13:06]} 14. f3 {[%emt 0:08:56]} Bxf1 {[%emt 0:02:16]} 15. Kxf1 {[%emt 0:00:06]} fxg3 {[%emt 0:00:46]} 16. hxg3 {[%emt 0:00:06]} Qd7 {[%emt 0:01:06]} 17. Kg2 {[%emt 0:02:26]} Rf5 {[%emt 0:05:04]} 18. Qe4 {[%emt 0:02:18]} Raf8 {[%emt 0:01:38]} 19. Bb3 {[%emt 0:03:03]} Rf4 {[%emt 0:03:44]} 20. Qe3 {[%emt 0:10:13]} Rh4 {[%emt 0:11:25]} 21. Nf1 {[%emt 0:10:18]} Qh3+ {[%emt 0:01:55]} 22. Kf2 {[%emt 0:01:41] [#]} e4 $1 {[%emt 0:01:45]} 23. dxe4 $19 {[%emt 0:00:17]} Ne5 {[%emt 0:03:44]} 24. Bd1 {[%emt 0:06:59]} Ng4+ {[%emt 0:00:10]} 0-1

[Event "CZE-ch Youth B16 2022"]
[Site "Luhacovice"]
[Date "2022.03.19"]
[Round "9.7"]
[White "Vaclavik, Jan"]
[Black "Dedek, Jan"]
[Result "1-0"]
[WhiteElo "1997"]
[BlackElo "1963"]
[Annotator "ChessBase"]
[PlyCount "71"]
[EventDate "2022.03.12"]
[EventType "swiss"]
[EventCountry "CZE"]
[SourceTitle "playchess.com"]
[Source "ChessBase"]
[SourceQuality "1"]
[TimeControl "40/5400+30:1800+30"]

1. Nf3 {[%emt 0:00:08]} Nf6 {[%emt 0:00:57]} 2. g3 {[%emt 0:00:47]} g6 {[%emt 0:00:57]} 3. b3 {[%emt 0:00:11]} Bg7 {[%emt 0:01:06]} 4. Bb2 {[%emt 0:00:05]} O-O {[%emt 0:01:04]} 5. Bg2 {[%emt 0:00:17]} c5 {[%emt 0:01:00]} 6. O-O {[%emt 0:00:25]} Nc6 {[%emt 0:00:46]} 7. c4 {[%emt 0:00:41]} d6 {[%emt 0:00:45]} 8. Nc3 {[%emt 0:10:02]} a6 {[%emt 0:06:42]} 9. d4 {[%emt 0:03:24]} cxd4 {[%emt 0:01:10]} 10. Nxd4 {[%emt 0:00:03]} Bd7 {[%emt 0:00:32]} 11. e4 {[%emt 0:09:36]} Qc7 {[%emt 0:13:36]} 12. Rc1 {[%emt 0:00:51]} Rfc8 {[%emt 0:03:53]} 13. Nd5 {[%emt 0:02:21]} Qd8 {[%emt 0:00:46]} 14. Re1 {[%emt 0:14:07]} Nxd5 {[%emt 0:05:54]} 15. exd5 {[%emt 0:00:55]} Nxd4 {[%emt 0:00:44]} 16. Bxd4 {[%emt 0:00:02]} b5 {[%emt 0:00:36]} 17. Bxg7 {[%emt 0:01:59]} Kxg7 {[%emt 0:00:06]} 18. Rc3 {[%emt 0:13:43]} bxc4 {[%emt 0:03:25]} 19. bxc4 {[%emt 0:00:37]} Be8 {[%emt 0:01:31]} 20. Qd4+ {[%emt 0:03:56]} Kg8 {[%emt 0:00:36]} 21. Rce3 {[%emt 0:01:28]} Rc7 {[%emt 0:00:29]} 22. h4 {[%emt 0:00:28]} h5 {[%emt 0:04:32]} 23. Bf1 {[%emt 0:02:53]} Raa7 {[%emt 0:03:33]} 24. Bd3 {[%emt 0:01:30]} Qc8 {[%emt 0:01:39]} 25. Re4 {[%emt 0:02:36]} Rab7 {[%emt 0:08:54]} 26. g4 {[%emt 0:03:40]} hxg4 {[%emt 0:00:56]} 27. h5 {[%emt 0:02:05]} gxh5 {[%emt 0:00:32]} 28. Qe3 {[%emt 0:03:17]} f6 {[%emt 0:05:35]} 29. Re6 {[%emt 0:00:34]} Kg7 {[%emt 0:00:59]} 30. Qe4 {[%emt 0:00:15]} Bf7 {[%emt 0:00:56]} 31. Qh7+ {[%emt 0:00:40]} Kf8 {[%emt 0:00:13]} 32. Qh8+ {[%emt 0:00:12]} Bg8 {[%emt 0:00:08]} 33. Qh6+ {[%emt 0:00:17]} Ke8 {[%emt 0:01:00]} 34. Bg6+ {[%emt 0:00:01]} Kd7 {[%emt 0:00:10]} 35. Rxe7+ {[%emt 0:00:06]} Kd8 {[%emt 0:00:03]} 36. Qf8# {[%emt 0:00:06]} 1-0

[Event "CZE-ch Youth B16 2022"]
[Site "Luhacovice"]
[Date "2022.03.19"]
[Round "9.8"]
[White "Bezdek, Tomas"]
[Black "Mametev, Artem"]
[Result "1-0"]
[WhiteElo "1855"]
[BlackElo "1848"]
[Annotator "NA"]
[PlyCount "53"]
[EventDate "2022.03.12"]
[EventType "swiss"]
[EventCountry "CZE"]
[SourceTitle "playchess.com"]
[Source "ChessBase"]
[SourceQuality "1"]
[TimeControl "40/5400+30:1800+30"]

1. f4 {[%emt 0:00:37]} Nf6 {[%emt 0:00:54]} 2. Nf3 {[%emt 0:00:33]} d5 {[%emt 0:01:39]} 3. g3 {[%emt 0:01:37]} g6 {[%emt 0:05:19]} 4. Bg2 {[%emt 0:00:41]} Bg7 {[%emt 0:00:08]} 5. O-O {[%emt 0:00:06]} O-O {[%emt 0:00:19]} 6. d3 {[%emt 0:00:41]} c6 {[%emt 0:03:24]} 7. c3 {[%emt 0:18:19]} Nbd7 {[%emt 0:06:23]} 8. Qc2 {[%emt 0:06:19]} a5 {[%emt 0:05:33]} 9. e4 {[%emt 0:10:24]} dxe4 {[%emt 0:03:04]} 10. dxe4 {[%emt 0:01:23]} Nc5 {[%emt 0:01:25]} 11. Ne5 {[%emt 0:05:57]} Nfd7 {[%emt 0:10:34]} 12. Nxd7 {[%emt 0:03:42]} Bxd7 {[%emt 0:11:41]} 13. Be3 {[%emt 0:01:04]} Na6 {[%emt 0:00:19]} 14. Nd2 {[%emt 0:02:11]} b5 {[%emt 0:03:40]} 15. Rad1 {[%emt 0:01:02]} Qc7 {[%emt 0:01:37]} 16. Nb3 {[%emt 0:06:02]} Rad8 {[%emt 0:04:42]} 17. Qf2 {[%emt 0:01:04]} Rb8 $16 {[%emt 0:06:52]} 18. Rd2 {[%emt 0:14:06]} b4 {[%emt 0:04:45]} 19. f5 {[%emt 0:06:57]} bxc3 {[%emt 0:02:48]} 20. bxc3 {[%emt 0:00:09]} Bxc3 {[%emt 0:02:47]} 21. Rd3 {[%emt 0:00:16]} Bg7 {[%emt 0:01:37]} 22. Bf4 {[%emt 0:01:00]} Qb7 {[%emt 0:06:29]} 23. Bxb8 {[%emt 0:01:00]} Rxb8 {[%emt 0:00:31]} 24. fxg6 {[%emt 0:00:28]} fxg6 {[%emt 0:00:14]} 25. Qf7+ {[%emt 0:01:52]} Kh8 {[%emt 0:00:01]} 26. Qxe7 {[%emt 0:01:03]} Bg4 {[%emt 0:00:37]} 27. Rd8+ 1-0

[Event "CZE-ch Youth B16 2022"]
[Site "Luhacovice"]
[Date "2022.03.19"]
[Round "9.9"]
[White "Pelc, Adam"]
[Black "Vasinek, Martin"]
[Result "0-1"]
[WhiteElo "1811"]
[BlackElo "1594"]
[Annotator "NA"]
[PlyCount "56"]
[EventDate "2022.03.12"]
[EventType "swiss"]
[EventCountry "CZE"]
[SourceTitle "playchess.com"]
[Source "ChessBase"]
[SourceQuality "1"]
[TimeControl "40/5400+30:1800+30"]

1. e4 c5 2. Nf3 Nc6 3. d4 cxd4 4. Nxd4 g6 5. Nc3 Bg7 6. Be3 Nf6 7. Bc4 Qa5 8. O-O O-O 9. f3 d6 10. Qd2 Bd7 11. Kh1 Rfc8 12. Bb3 Ne5 13. Qe2 Rab8 14. a4 a6 15. Rfd1 Rc7 16. Bd2 Qb6 17. Bg5 Qc5 18. Be3 Qa5 19. Bd5 Rcc8 20. f4 Neg4 21. Nb3 Qc7 22. Bd4 e6 23. e5 dxe5 24. fxe5 Nxd5 25. Nxd5 exd5 26. Nc5 Nh6 27. Qf3 Bg4 28. Qxd5 Rd8 0-1

[Event "CZE-ch Youth B16 2022"]
[Site "Luhacovice"]
[Date "2022.03.19"]
[Round "9.10"]
[White "Kubiczek, Michal"]
[Black "Zrubek, Adam"]
[Result "1-0"]
[WhiteElo "1720"]
[BlackElo "1661"]
[Annotator "NA"]
[PlyCount "91"]
[EventDate "2022.03.12"]
[EventType "swiss"]
[EventCountry "CZE"]
[SourceTitle "playchess.com"]
[Source "ChessBase"]
[SourceQuality "1"]
[TimeControl "40/5400+30:1800+30"]

1. d4 {[%emt 0:00:04]} d5 {[%emt 0:00:06]} 2. c4 {[%emt 0:00:07]} Nc6 {[%emt 0:00:13]} 3. Nc3 {[%emt 0:00:14]} Nf6 {[%emt 0:00:08]} 4. cxd5 {[%emt 0:00:21]} Nxd5 {[%emt 0:02:22]} 5. Nf3 {[%emt 0:00:23]} Bg4 {[%emt 0:03:13]} 6. e4 {[%emt 0:00:31]} Nxc3 {[%emt 0:06:57]} 7. bxc3 {[%emt 0:02:02]} e6 {[%emt 0:02:40]} 8. Rb1 {[%emt 0:05:18]} Rb8 {[%emt 0:01:44]} 9. Qa4 {[%emt 0:12:23]} Bxf3 {[%emt 0:10:29]} 10. gxf3 {[%emt 0:02:30]} Qd7 {[%emt 0:01:30]} 11. Bb5 {[%emt 0:00:41]} Rc8 {[%emt 0:07:50]} 12. Qc4 {[%emt 0:02:48]} a6 {[%emt 0:04:16]} 13. Ba4 {[%emt 0:03:14]} b5 {[%emt 0:04:23]} 14. Rxb5 {[%emt 0:01:38]} axb5 {[%emt 0:02:22]} 15. Bxb5 {[%emt 0:00:06]} Kd8 {[%emt 0:07:58]} 16. Bxc6 {[%emt 0:01:32]} Qe7 {[%emt 0:01:39]} 17. Qa6 {[%emt 0:06:54]} Qf6 {[%emt 0:06:13]} 18. Ke2 {[%emt 0:02:43]} Bd6 {[%emt 0:04:11]} 19. e5 {[%emt 0:03:23]} Bxe5 {[%emt 0:00:23]} 20. dxe5 {[%emt 0:00:02]} Qxe5+ {[%emt 0:00:22]} 21. Be3 {[%emt 0:00:18]} Ke7 {[%emt 0:03:54]} 22. Qa3+ {[%emt 0:01:21]} Kf6 {[%emt 0:00:41]} 23. f4 {[%emt 0:06:32]} Qh5+ {[%emt 0:01:25]} 24. Bf3 {[%emt 0:00:16]} Qb5+ {[%emt 0:00:21]} 25. Ke1 {[%emt 0:09:48]} c5 {[%emt 0:02:42]} 26. Qb3 {[%emt 0:03:10]} Qd3 {[%emt 0:05:36]} 27. c4 {[%emt 0:01:16]} Qxb3 {[%emt 0:01:39]} 28. axb3 {[%emt 0:00:06]} Rb8 {[%emt 0:03:09]} 29. Bd1 {[%emt 0:00:43]} Rhc8 {[%emt 0:01:01]} 30. Kd2 {[%emt 0:04:22]} Rc7 {[%emt 0:01:19]} 31. Rg1 {[%emt 0:00:43]} g6 {[%emt 0:01:20]} 32. Kc3 {[%emt 0:00:48]} Ra8 {[%emt 0:00:43]} 33. Bc2 {[%emt 0:00:16]} Ke7 {[%emt 0:01:15]} 34. Kb2 {[%emt 0:02:44]} f5 {[%emt 0:01:25]} 35. h4 {[%emt 0:02:47]} Kf7 36. f3 {[%emt 0:02:26]} h5 {[%emt 0:04:15]} 37. Kc3 {[%emt 0:05:38]} Ra2 {[%emt 0:03:06]} 38. Rb1 {[%emt 0:01:19]} Ke7 {[%emt 0:02:14]} 39. b4 {[%emt 0:02:54]} Ra3+ {[%emt 0:01:47]} 40. Bb3 {[%emt 0:00:25]} cxb4+ {[%emt 0:01:51]} 41. Kxb4 {[%emt 0:30:02]} Ra8 {[%emt 0:30:29]} 42. Bc5+ {[%emt 0:01:02]} Kd7 {[%emt 0:00:00]} 43. Bb6 {[%emt 0:00:00]} Rc6 {[%emt 0:00:00]} 44. c5 {[%emt 0:00:00]} Kc8 {[%emt 0:00:00]} 45. Kb5 {[%emt 0:00:00]} Kb7 {[%emt 0:00:00]} 46. Rd1 {[%emt 0:00:00]} 1-0

[Event "CZE-ch Youth B16 2022"]
[Site "Luhacovice"]
[Date "2022.03.19"]
[Round "9.11"]
[White "Oborny, Stanislav"]
[Black "Mrazek, Roman"]
[Result "1/2-1/2"]
[WhiteElo "1674"]
[BlackElo "1820"]
[Annotator "NA"]
[PlyCount "60"]
[EventDate "2022.03.12"]
[EventType "swiss"]
[EventCountry "CZE"]
[SourceTitle "playchess.com"]
[Source "ChessBase"]
[SourceQuality "1"]
[TimeControl "40/5400+30:1800+30"]

1. c4 {[%emt 0:00:11]} c6 {[%emt 0:00:00]} 2. d4 {[%emt 0:00:09]} d5 {[%emt 0:00:11]} 3. Nc3 {[%emt 0:00:41]} Nf6 {[%emt 0:00:15]} 4. Nf3 {[%emt 0:00:44]} dxc4 {[%emt 0:00:07]} 5. a4 {[%emt 0:00:25]} Bf5 {[%emt 0:00:20]} 6. e3 {[%emt 0:02:24]} e6 {[%emt 0:00:21]} 7. Bxc4 {[%emt 0:00:48]} Bb4 {[%emt 0:00:21]} 8. O-O {[%emt 0:01:03]} Nbd7 {[%emt 0:00:07]} 9. Qb3 {[%emt 0:02:27]} Qb6 {[%emt 0:06:47]} 10. Nd2 {[%emt 0:06:07]} Bg6 {[%emt 0:03:53]} (10... a5 $11 {keeps the balance.}) 11. Re1 {[%emt 0:04:25]} a5 {[%emt 0:03:52]} 12. Na2 {[%emt 0:11:05]} Be7 {[%emt 0:02:04]} 13. Nc3 {[%emt 0:02:11]} Bb4 {[%emt 0:01:20]} 14. Na2 {[%emt 0:02:56]} Be7 {[%emt 0:06:18]} 15. Nc3 {[%emt 0:06:41]} Bb4 {[%emt 0:17:26]} 16. Be2 {[%emt 0:06:38]} O-O 17. Bf3 {[%emt 0:02:35]} Rfd8 {[%emt 0:08:39]} 18. Nc4 {[%emt 0:01:25]} Qa7 $11 {[%emt 0:01:38]} 19. e4 {[%emt 0:02:59]} Rac8 {[%emt 0:01:49]} 20. Bg5 {[%emt 0:08:52]} h6 {[%emt 0:00:41]} 21. Be3 {[%emt 0:02:24]} Qb8 {[%emt 0:01:13]} 22. Rad1 {[%emt 0:02:30]} b6 {[%emt 0:05:36]} 23. Nd2 {[%emt 0:05:14]} e5 {[%emt 0:02:15]} 24. d5 {[%emt 0:05:58]} Nc5 {[%emt 0:00:41]} 25. Bxc5 {[%emt 0:00:45]} Bxc5 {[%emt 0:00:09]} 26. dxc6 {[%emt 0:01:27]} Rxc6 {[%emt 0:01:51]} 27. Nc4 {[%emt 0:01:01]} Rdc8 {[%emt 0:04:26]} 28. Ne3 {[%emt 0:03:34]} Bd4 {[%emt 0:02:37]} 29. Ncd5 {[%emt 0:02:01]} Nxd5 {[%emt 0:05:57]} 30. Nxd5 {[%emt 0:00:02]} Qd6 {[%emt 0:02:59]} 1/2-1/2